[Event "World Youth U16 Olympiad 2012"]
[Site "Istanbul TUR"]
[Date "2012.08.30"]
[Round "2.3"]
[White "Vucinic,G"]
[Black "Gorbanovsky,O"]
[Result "1-0"]
[WhiteElo "2237"]
[BlackElo "1968"]

1.e4 e5 2.Nf3 Nc6 3.Bb5 a6 4.Ba4 Nf6 5.O-O Be7 6.Re1 b5 7.Bb3 d6 8.c3 O-O
9.h3 Nb8 10.d4 Nbd7 11.Nbd2 Bb7 12.d5 c6 13.dxc6 Bxc6 14.Bc2 Nc5 15.b4 Ne6
16.Nf1 Rc8 17.Ng3 Bb7 18.Qd3 Qc7 19.Nf5 Rfd8 20.Bb3 Bf8 21.Bd2 d5 22.exd5 Bxd5
23.Bxd5 Rxd5 24.Qe2 e4 25.N3d4 Qd7 26.a3 Nxd4 27.Nxd4 Bd6 28.Rac1 Bb8 29.Be3 Qd6
30.f4 Nh5 31.Qg4 Re8 32.Rf1 g6 33.Qh4 Ng7 34.Qf2 h5 35.c4 bxc4 36.Rxc4 Ba7
37.Rfc1 Rd8 38.Rc6 Qf8 39.Ne2 Rd1+ 40.Rxd1 Rxd1+ 41.Kh2 Bxe3 42.Qxe3 Rd3
43.Qxe4 Rxa3 44.Qc4 Qe7 45.Rxg6 Re3 46.Ng3 Rxg3 47.Rxg3 Qf6 48.Qe4 h4 49.Rg4 Qd8
50.Qe5 f6 51.Qh5 f5 52.Qxf5  1-0

[Event "6th Hum na Sutli Open"]
[Site "Hum na Sutli CRO"]
[Date "2012.09.08"]
[Round "2.2"]
[White "Muslija,I"]
[Black "Zaja,I"]
[Result "1/2-1/2"]
[WhiteElo "2249"]
[BlackElo "2505"]

1.e4 e5 2.Nf3 Nc6 3.Bb5 a6 4.Ba4 Nf6 5.O-O Be7 6.Re1 b5 7.Bb3 d6 8.c3 O-O
9.h3 Nb8 10.a4 Bb7 11.Bc2 Nbd7 12.d4 Re8 13.b3 Bf8 14.d5 c6 15.c4 Rc8 16.axb5 axb5
17.Bd2 Ra8 18.Nc3 b4 19.Ne2 Rxa1 20.Qxa1 Qb6 21.Qb2 cxd5 22.cxd5 Nc5 23.Ng3 g6
24.Bg5 Bg7 25.Nd2 Ba6 26.Be3 Rc8 27.Ra1 Bb5 28.Ra2 h5 29.Qa1 h4 30.Ngf1 Nh5
31.Ra8 Rxa8 32.Qxa8+ Kh7 33.Qc8 Bf6 34.Qf8 Qc7 35.Bxc5 dxc5 36.Ne3 Bg5 37.Ndc4 Bxe3
38.Nxe3 Nf6  1/2-1/2

[Event "FSIM Sept 2012"]
[Site "Budapest HUN"]
[Date "2012.09.10"]
[Round "10.3"]
[White "Szalanczy,E"]
[Black "Wunnink,M"]
[Result "1-0"]
[WhiteElo "2237"]
[BlackElo "2265"]

1.e4 e5 2.Nf3 Nc6 3.Bb5 a6 4.Ba4 Nf6 5.O-O Be7 6.Re1 b5 7.Bb3 d6 8.c3 O-O
9.h3 Nb8 10.d4 Nbd7 11.Nbd2 Bb7 12.Bc2 Re8 13.Nf1 Bf8 14.Ng3 g6 15.a4 Bg7
16.Bd3 c6 17.Bg5 Qe7 18.Qd2 Qf8 19.Ra2 Nb6 20.b3 Bc8 21.Be3 Rb8 22.axb5 axb5
23.Ra7 exd4 24.cxd4 Be6 25.Qc3 Rec8 26.Nd2 Bd7 27.Qa5 h6 28.Nf3 Qd8 29.Qd2 Qf8
30.Bf4 Be6 31.Qb4 Rd8 32.Bf1 g5 33.Be3 Nbd7 34.Rc1 Rdc8 35.Qa3 Ra8 36.Nd2 Rxa7
37.Qxa7 Qd8 38.Qa3 Bf8 39.b4 Nb6 40.Bd3 Ra8 41.Qc3 Bd7 42.Bb1 Ra4 43.Bc2 Ra2
44.Bb3 Ra6 45.Qd3 Qe8 46.e5 dxe5 47.dxe5 Qxe5 48.Qg6+ Kh8 49.Bxf7 Nbd5 50.Nf3 Qe7
51.Bd4 Bg7 52.Nh5  1-0

[Event "6th Hum na Sutli Open"]
[Site "Hum na Sutli CRO"]
[Date "2012.09.11"]
[Round "5.2"]
[White "Loncar,R"]
[Black "Zaja,I"]
[Result "1/2-1/2"]
[WhiteElo "2389"]
[BlackElo "2505"]

1.e4 e5 2.Nf3 Nc6 3.Bb5 a6 4.Ba4 Nf6 5.O-O Be7 6.Re1 b5 7.Bb3 d6 8.c3 O-O
9.h3 Nb8 10.d3 Nbd7 11.Nbd2 Nc5 12.Bc2 Re8 13.Nf1 Bf8 14.Ng3 g6 15.d4 Ncd7
16.a4 Bb7 17.b3 c6 18.Rb1 Qc7 19.Bg5 h6 20.Be3 Bg7 21.dxe5 dxe5 22.Nd2 Nf8
23.b4 Ne6 24.Bd3  1/2-1/2

[Event "TCh-SRB Prem 2012"]
[Site "Valjevo SRB"]
[Date "2012.09.17"]
[Round "1.3"]
[White "Pikula,D"]
[Black "Lazic,Mir"]
[Result "1/2-1/2"]
[WhiteElo "2489"]
[BlackElo "2452"]

1.e4 e5 2.Nf3 Nc6 3.Bb5 a6 4.Ba4 Nf6 5.O-O Be7 6.Re1 b5 7.Bb3 d6 8.c3 O-O
9.h3 Nb8 10.d4 Nbd7 11.Nbd2 Bb7 12.Bc2 Re8 13.Nf1 Bf8 14.Ng3 g6 15.a4 c5
16.d5 c4 17.Be3 Qc7 18.Qd2 Nc5 19.Bh6 Bxh6 20.Qxh6 Qe7 21.Ra3 Nfd7 22.Ng5 f6
23.Nf3 Nb6 24.axb5 axb5 25.Rea1 Rxa3 26.Rxa3 Ra8 27.Rxa8+ Bxa8 28.h4 Qg7
29.Qc1 h5 30.Qa1 Qb7 31.Ne1 Kg7 32.Bd1 Nba4 33.Qc1 b4 34.Bxh5 gxh5 35.cxb4 Nxe4
36.Nxe4 Qxd5 37.Ng3 Bc6 38.Nf5+ Kf7 39.Qxc4 Nxb2 40.Qe2 Qd1 41.Qxd1 Nxd1
42.b5 Bd5 43.Nxd6+ Ke6 44.Ne8 Nc3 45.b6 Bc6 46.Nd3 Na4 47.Ng7+ Kf7 48.Nxh5 Nxb6
49.Ng3 Nd5 50.f3 Kg6 51.Kf2 Bb5 52.Nc5 f5 53.h5+ Kf6 54.h6 Ne7 55.h7 Kg7
56.f4 exf4  1/2-1/2

[Event "Oslo GM Open 2012"]
[Site "Oslo NOR"]
[Date "2012.09.30"]
[Round "6.9"]
[White "Schut,L"]
[Black "Urkedal,F"]
[Result "0-1"]
[WhiteElo "2267"]
[BlackElo "2470"]

1.e4 e5 2.Nf3 Nc6 3.Bb5 a6 4.Ba4 Nf6 5.O-O Be7 6.Re1 b5 7.Bb3 d6 8.c3 O-O
9.h3 Nb8 10.d4 Nbd7 11.Nbd2 Bb7 12.Bc2 Re8 13.Nf1 Bf8 14.Ng3 g6 15.b3 c6
16.Bg5 h6 17.Be3 Bg7 18.Qd2 Kh7 19.a4 Qc7 20.Nh2 Rad8 21.axb5 cxb5 22.d5 Rc8
23.Ne2 b4 24.Bd3 bxc3 25.Qa2 Nxe4 26.Bxe4 f5 27.Bc2 Nf6 28.g4 fxg4 29.Nxg4 Nxd5
30.Qa4 Qf7 31.Ng3 Nxe3 32.Rxe3 d5 33.Rae1 e4 34.Nh2 Rcd8 35.Rd1 Be5 36.Ng4 Bg7
37.Qb4 h5 38.Nh2 h4 39.Ne2 a5 40.Qa4 Rf8 41.f4 d4 42.Rxe4 Bxe4 43.Bxe4 Qe6
44.Bf3 c2 45.Rf1 d3  0-1

[Event "30th Balaton GM"]
[Site "Heviz HUN"]
[Date "2012.10.01"]
[Round "9.1"]
[White "Bures,J"]
[Black "Popovics,A"]
[Result "1/2-1/2"]
[WhiteElo "2381"]
[BlackElo "2423"]

1.e4 e5 2.Nf3 Nc6 3.Bb5 a6 4.Ba4 Nf6 5.O-O Be7 6.Re1 b5 7.Bb3 O-O 8.h3 d6
9.c3 Nb8 10.d4 Nbd7 11.Nbd2 Bb7 12.Bc2 Re8 13.Nf1 Bf8 14.Ng3 g6 15.a4 c5
16.d5 c4 17.Bg5 h6 18.Be3 Nc5 19.Qd2 h5 20.Ra3 Rb8 21.Bg5 Be7 22.Rea1 Nh7
23.Bh6 Bc8 24.axb5 axb5 25.Be3 Qc7 26.Ne2 Nf6 27.Ng5 Bd7 28.Nc1 Na4 29.Bxa4 bxa4
30.Na2 Rb3 31.Nb4 Bb5 32.R3a2 Nd7 33.Nf3 Nc5 34.Bxc5 Qxc5 35.Qe1 f5 36.Nd2 Rf8
37.Nc6 Bh4 38.Nf3 Bxf2+ 39.Qxf2 Qxf2+ 40.Kxf2 fxe4 41.Na5 exf3 42.g3 e4 43.Re1 Rf5
44.Rxe4 Rxd5 45.Kxf3 Rd2 46.Nxc4 Rd3+ 47.Ke2 Rxg3 48.Kf2 Rd3 49.Na3 Bd7 50.h4 Rd2+
51.Re2 Rxe2+ 52.Kxe2 Rb8 53.Kd3 Rf8 54.Ra1 Rf2 55.Nc4 d5 56.Ke3 Rh2 57.Nb6 Bc6
58.Nxa4 Rh3+ 59.Kf2 Rxh4 60.b4 Rc4 61.Nb6 Rxc3 62.b5 Bxb5 63.Nxd5 Rc5 64.Nf4 Kf7
65.Rg1 Rc6 66.Rg5 Rc2+ 67.Ke3 Rc3+ 68.Kd2 Rb3 69.Rxg6 h4 70.Rg5 Rb4 71.Ke3 Bc6
72.Rf5+ Kg7 73.Rg5+  1/2-1/2

[Event "FSIM October 2012"]
[Site "Budapest HUN"]
[Date "2012.10.09"]
[Round "3.2"]
[White "Lengyel,B"]
[Black "Hou,Qiang"]
[Result "1-0"]
[WhiteElo "2252"]
[BlackElo "2339"]

1.e4 e5 2.Nf3 Nc6 3.Bb5 a6 4.Ba4 Nf6 5.O-O Be7 6.Re1 b5 7.Bb3 d6 8.c3 O-O
9.h3 Nb8 10.d4 Nbd7 11.Nbd2 Bb7 12.Bc2 Re8 13.Nf1 Bf8 14.Ng3 g6 15.a4 Bg7
16.Bd3 c6 17.Bg5 Qe7 18.Qc2 Qf8 19.Qd2 Rad8 20.axb5 cxb5 21.d5 Nb6 22.b3 Rc8
23.Ra3 h6 24.Be3 Nbxd5 25.exd5 e4 26.c4 exf3 27.gxf3 Nd7 28.f4 Nc5 29.Bf1 bxc4
30.bxc4 h5 31.Rb1 Rc7 32.Ne2 Bc8 33.Nd4 Qe7 34.Nc6 Qh4 35.Rb8 Rb7 36.Rxb7 Bxb7
37.f5 Qe4 38.Bxc5 Bxc6 39.Re3 Qxf5 40.dxc6 Rc8 41.Bxd6 Rxc6 42.c5 Rc8 43.Qd3 Qg5+
44.Bg2 a5 45.Qc4 Bf6 46.Rg3 Qh6 47.Bd5 Kh8 48.Bxf7 Qd2 49.Qe6  1-0

[Event "17th European Club Cup w"]
[Site "Eilat ISR"]
[Date "2012.10.17"]
[Round "7.2"]
[White "Ivkina,O"]
[Black "Mkrtchian,L"]
[Result "1/2-1/2"]
[WhiteElo "2266"]
[BlackElo "2456"]

1.e4 e5 2.Nf3 Nc6 3.Bb5 a6 4.Ba4 Nf6 5.O-O Be7 6.Re1 b5 7.Bb3 d6 8.c3 O-O
9.h3 Nb8 10.d4 Nbd7 11.Nbd2 Bb7 12.Bc2 Re8 13.a4 Bf8 14.Bd3 c6 15.b4 g6 16.Qc2 Bg7
17.Bb2 Rc8 18.c4 exd4 19.axb5 cxb5 20.Bxd4 bxc4 21.Nxc4 d5 22.exd5 Bxd5 23.Nfd2 Rxe1+
24.Rxe1 Nh5 25.Bxg7 Nxg7 26.Qb2 Ne6 27.Ne3 Bb7 28.Be4 Rb8 29.Bxb7 Rxb7 30.Ne4 Qf8
31.Nd5 Qg7 32.Qxg7+ Kxg7 33.Nd6 Rb8 34.Ra1 Nf6 35.Nxf6 Kxf6 36.Rxa6 Rxb4
37.Ra7 Ng5 38.Ne8+ Ke6 39.Ng7+ Kf6 40.Ne8+ Ke6 41.Ng7+ Kf6 42.Ne8+  1/2-1/2

[Event "Vizag GM Open 2012"]
[Site "Visakhapatnam IND"]
[Date "2012.10.27"]
[Round "3.3"]
[White "Ziatdinov,R"]
[Black "Adhiban,Baskaran"]
[Result "1-0"]
[WhiteElo "2384"]
[BlackElo "2564"]

1.e4 e5 2.Nf3 Nc6 3.Bb5 a6 4.Ba4 Nf6 5.O-O Be7 6.Re1 b5 7.Bb3 d6 8.c3 O-O
9.h3 Nb8 10.d4 Nbd7 11.Nbd2 Bb7 12.Bc2 Re8 13.Nf1 Bf8 14.Ng3 g6 15.a4 Rb8
16.axb5 axb5 17.Bg5 h6 18.Bd2 c5 19.Qc1 Kh7 20.Bd3 Ba8 21.b4 exd4 22.cxd4 c4
23.Bc2 Nb6 24.h4 d5 25.e5 Ne4 26.h5 c3 27.Bf4 Rc8 28.hxg6+ fxg6 29.Qb1 Re6
30.Ra6 Qd7 31.Qa2 Bb7 32.Ra7 Ra8 33.Nxe4 dxe4 34.Rxb7 Rxa2 35.Rxd7+ Nxd7
36.Bb3 Raa6 37.Bxe6 Rxe6 38.d5 Re8 39.Rxe4 g5 40.Be3 Nf6 41.Rd4 g4 42.Ne1 Rxe5
43.d6 Rd5 44.Rxd5 Nxd5 45.Bc5 Nf6 46.Nc2 Kg6 47.Kf1 h5 48.Ke2 h4 49.Nd4 Nd7
50.f3 Bg7 51.fxg4 Bf6 52.Nf3 Kf7 53.Kd3 Ke6 54.g5 Bg7 55.Nd4+ Bxd4 56.Bxd4 Nf8
57.Kxc3 Ng6 58.Bc5 Nf4 59.Kd2 Nxg2 60.g6 Nf4 61.d7  1-0

[Event "39th ch-IND Premier w 2012"]
[Site "Jalgaon IND"]
[Date "2012.10.28"]
[Round "5.2"]
[White "Nimmy,A"]
[Black "Mohota,N"]
[Result "1/2-1/2"]
[WhiteElo "2189"]
[BlackElo "2323"]

1.e4 e5 2.Nf3 Nc6 3.Bb5 a6 4.Ba4 Nf6 5.O-O Be7 6.Re1 b5 7.Bb3 d6 8.c3 O-O
9.h3 Nb8 10.d4 Nbd7 11.Nbd2 Bb7 12.Bc2 Re8 13.Nf1 Bf8 14.Ng3 g6 15.a4 c5
16.d5 c4 17.Be3 Nc5 18.Qd2 Nfd7 19.Nh2 h5 20.Bg5 Be7 21.Bxe7 Qxe7 22.Qh6 Qf6
23.Nf3 Qg7 24.Qd2 Nb6 25.axb5 axb5 26.Rab1 Ra2 27.Re3 Bc8 28.Ng5 h4 29.Nf1 f6
30.Nf3 Qh6 31.N3h2 Kg7 32.Qc1 f5 33.Ra1 Rxa1 34.Qxa1 Nba4 35.Nd2 Bd7 36.b3 cxb3
37.Nxb3 Qh8 38.Nxc5 Nxc5 39.exf5 gxf5 40.Nf3 Ra8 41.Qb2 Qh6 42.Re1 Kf7 43.Qb4 e4
44.Nd4 Rg8 45.f3 Qd2 46.Re2 Qc1+ 47.Kh2 Qf4+ 48.Kh1 Nd3 49.Qb1 Nc1 50.Re1 Qg3
51.Rg1 exf3 52.Nxf3 Ne2 53.Bxf5 Nxg1 54.Be6+ Bxe6 55.dxe6+ Kxe6 56.Qxg1 Kf6  1/2-1/2

[Event "12th Sautron Open"]
[Site "Sautron FRA"]
[Date "2012.10.29"]
[Round "4.5"]
[White "Riff,JN"]
[Black "Pancevski,F"]
[Result "1/2-1/2"]
[WhiteElo "2473"]
[BlackElo "2482"]

1.e4 e5 2.Nf3 Nc6 3.Bb5 a6 4.Ba4 Nf6 5.O-O b5 6.Bb3 Be7 7.Re1 d6 8.c3 O-O
9.h3 Nb8 10.d4 Nbd7 11.Nbd2 Bb7 12.Bc2 Re8 13.b3 Bf8 14.Bb2 g6 15.a4 c6 16.Nf1 Qb6
17.Ng3 Rad8 18.a5 Qc7 19.Bd3 Bg7 20.Qc2 c5 21.d5 Rf8 22.c4 b4 23.Bc1 Kh8
24.Ra2 Ng8 25.Bd2 Rde8 26.Qc1 Bc8 27.Nh2 Qd8 28.Bb1 Ndf6 29.Rf1 h5 30.Bg5 Qc7
31.Nf3 Nh7 32.Bd2 Qd8 33.Ng5 Nxg5 34.Bxg5 f6 35.Be3 h4 36.Nh1 f5 37.exf5 gxf5
38.Qd1 Qf6 39.Qh5+ Bh6 40.f4 Kg7 41.Bc1 Ne7  1/2-1/2

[Event "TCh-NOR Eliteserien 2012-13"]
[Site "Haraldsheim NOR"]
[Date "2012.11.02"]
[Round "1"]
[White "Botheim,T"]
[Black "Koskela,N"]
[Result "0-1"]
[WhiteElo "2011"]
[BlackElo "2211"]

1.e4 e5 2.Nf3 Nc6 3.Bb5 a6 4.Ba4 Nf6 5.O-O Be7 6.Re1 b5 7.Bb3 d6 8.c3 O-O
9.h3 Nb8 10.d4 Nbd7 11.Nbd2 Bb7 12.Bc2 Re8 13.Nf1 Bf8 14.Ng3 g6 15.a4 c5
16.d5 c4 17.Bg5 h6 18.Be3 Nc5 19.Nh2 h5 20.Bg5 Be7 21.Rf1 Nfd7 22.Bxe7 Qxe7
23.Qd2 Rab8 24.axb5 axb5 25.Ra5 Bc8 26.Qh6 Qf6 27.Ne2 Qg7 28.Qe3 Nf6 29.f3 Bd7
30.Ra7 g5 31.g4 h4 32.Rfa1 b4 33.cxb4 Rxb4 34.Qc3 Reb8 35.R1a2 Nh7 36.Nf1 Nf8
37.Ne3 Qf6 38.Kg2 Nd3 39.Bxd3 cxd3 40.Qxd3 Rxb2 41.Nf5 Bxf5 42.gxf5 g4 43.fxg4 Qg5
44.Qc3 Rxa2 45.Rxa2 Qd8 46.Qe3 Nh7 47.Ng1 Qg5 48.Qxg5+ Nxg5 49.Ra4 Rb3 50.Kf2 Kg7
51.Rc4 Rb2+ 52.Kf1 Rh2 53.Ra4 Nxh3 54.Nxh3 Rxh3 55.Kf2 Rg3 56.Ra6 Rxg4 57.Rxd6 Rxe4
58.Ra6 Rd4 59.Kg2 Rxd5 60.Kh3 Rd4 61.Rb6 Rf4 62.Rb5 Kf6  0-1

[Event "Subzonal 2.3 2012"]
[Site "Pamplona COL"]
[Date "2012.11.05"]
[Round "1.1"]
[White "Cuartas,Ja"]
[Black "Lora,J"]
[Result "0-1"]
[WhiteElo "2517"]
[BlackElo "2169"]

1.e4 e5 2.Nf3 Nc6 3.Bb5 a6 4.Ba4 Nf6 5.O-O Be7 6.Re1 b5 7.Bb3 d6 8.c3 O-O
9.h3 Nb8 10.d4 Nbd7 11.Nbd2 Bb7 12.a4 c5 13.d5 c4 14.Bc2 Nc5 15.Nf1 Qc7 16.g4 Rfb8
17.Ng3 g6 18.Kh2 Bc8 19.Rg1 bxa4 20.Qe2 Bd7 21.Ra2 Bb5 22.Bh6 Kh8 23.Ng5 Bf8
24.Bxf8 Rxf8 25.Nf3 Rab8 26.Qe3 Qe7 27.Nd2 Nfd7 28.Kg2 Nb3 29.Nf3 f6 30.h4 Ndc5
31.h5 Bd7 32.hxg6 hxg6 33.Rh1+ Kg8 34.Nh4 Qg7 35.f3 Kf7 36.g5 Rh8 37.f4 fxg5
38.fxg5 Rbf8 39.Ngf5 gxf5 40.exf5 Rh5 41.Ng6 Rxh1 42.Kxh1 Re8 43.Kg2 e4 44.Qf4 Re5
45.Nxe5+ Qxe5 46.Qxe5 dxe5 47.f6 Nd3 48.Bd1 Nf4+ 49.Kf2 Nh3+ 50.Ke3 Nxg5
51.Bxb3 cxb3 52.Ra1 Bb5 53.c4 Bxc4 54.Rxa4 Bxd5 55.Rxa6 Be6 56.Rb6 Kxf6 57.Ra6 Kf5
58.Ra8 Nf7 59.Rf8 Bd5 60.Rb8 Nd6 61.Kf2 Ke6 62.Ke1 Bc4 63.Kd2 Kd5 64.Rd8 Kc5
65.Ke3 Bd3 66.Kd2 Bc2 67.Kc1 Kc6 68.Rb8 Kd5 69.Rd8 Ke6 70.Rb8 Kf5 71.Rf8+ Kg4
72.Rg8+ Kf4 73.Rf8+ Ke3 74.Rf5 Nb5 75.Rh5 Nd4 76.Rh3+ Nf3 77.Rh8 Bd3 78.Rb8 Kf2
79.Rb4 e3 80.Rg4 Ba6  0-1

[Event "WY GU18 2012"]
[Site "Maribor SLO"]
[Date "2012.11.08"]
[Round "1.31"]
[White "Senarath,Kavindi"]
[Black "Ainutdinova,Y"]
[Result "0-1"]
[WhiteElo "1624"]
[BlackElo "2039"]

1.e4 e5 2.Nf3 Nc6 3.Bb5 a6 4.Ba4 Nf6 5.O-O Be7 6.Re1 b5 7.Bb3 d6 8.h3 O-O
9.c3 Nb8 10.d4 Nbd7 11.Nbd2 Bb7 12.Bc2 Re8 13.Nf1 Bf8 14.Ng3 g6 15.Bg5 h6
16.Be3 exd4 17.Bxd4 c5 18.Bxf6 Qxf6 19.Qd2 Rad8 20.Rad1 Ne5 21.Nxe5 dxe5
22.Qe3 Qf4 23.a4 Qxe3 24.Rxe3 Rxd1+ 25.Bxd1 Rd8 26.Bc2 c4 27.axb5 axb5 28.Re2 Ra8
29.Rd2 Bc6 30.Kf1 Ra1+ 31.Ke2 Kg7 32.Nf1 b4 33.f3 bxc3 34.bxc3 Ra3 35.Rd8 Rxc3
36.Kd2 Ra3 37.Rc8 Bb5 38.Ne3 Bb4+ 39.Ke2 c3+ 40.Kf2 Ra2 41.Ke1 Bd7 42.Rc7 Be6
43.Bd3 c2+ 44.Kf1 Ra1+ 45.Kf2 c1=Q 46.Rxc1 Rxc1 47.Kg3 Be1+ 48.Kh2 Rc3 49.Nc2 Bd2
50.Nb4 Rb3 51.Nc6 Rxd3 52.Nxe5 Bf4+ 53.g3 Rd2+ 54.Kg1 Bxe5 55.f4 Bd4+ 56.Kh1 f5
57.h4 Bc4 58.h5 Bd3  0-1

[Event "WY BU18 2012"]
[Site "Maribor SLO"]
[Date "2012.11.10"]
[Round "3.13"]
[White "Predke,A"]
[Black "Mons,L"]
[Result "1/2-1/2"]
[WhiteElo "2509"]
[BlackElo "2332"]

1.e4 e5 2.Nf3 Nc6 3.Bb5 a6 4.Ba4 Nf6 5.O-O Be7 6.Re1 b5 7.Bb3 d6 8.c3 O-O
9.h3 Nb8 10.d4 Nbd7 11.Nbd2 Bb7 12.Bc2 Re8 13.Nf1 Bf8 14.Bg5 h6 15.Bh4 g6
16.dxe5 dxe5 17.N3h2 Bg7 18.Qf3 Qe7 19.Rad1 Nf8 20.Ne3 N8h7 21.Nhg4 h5 22.Nxf6+ Bxf6
23.Bxf6 Nxf6 24.c4 Rad8 25.Nd5 Nxd5 26.cxd5 c6 27.Bb3 cxd5 28.exd5 Qd6 29.Qe3 Kg7
30.a3 Rc8 31.Rc1 Rxc1 32.Rxc1 Rd8 33.Rc5 Rc8 34.Rxc8 Bxc8 35.Ba2 Bf5 36.Qc3 h4
37.b4 Kf8 38.f4 Qb6+ 39.Kf1 Qd4 40.Qxd4 exd4 41.d6 Ke8 42.Bd5 Kd7 43.Bxf7 Kxd6
44.Kf2 Ke7 45.Bd5 Kd6 46.Bf7 Ke7 47.Bd5 Kd6 48.Bf7  1/2-1/2

[Event "WY GU16 2012"]
[Site "Maribor SLO"]
[Date "2012.11.11"]
[Round "4.47"]
[White "Nouman,A"]
[Black "Grgic,N"]
[Result "1/2-1/2"]
[WhiteElo "1808"]
[BlackElo "1812"]

1.e4 e5 2.Nf3 Nc6 3.Bb5 a6 4.Ba4 Nf6 5.O-O Be7 6.Re1 b5 7.Bb3 d6 8.h3 O-O
9.c3 Nb8 10.d3 Bb7 11.Nbd2 Re8 12.Nf1 Bf8 13.Bg5 h6 14.Bh4 Nbd7 15.Ne3 g6
16.Nh2 Nc5 17.Bc2 Bg7 18.Nhg4 h5 19.Nh2 Ne6 20.Nf3 c5 21.g3 Qc7 22.Bxf6 Bxf6
23.h4 Rad8 24.Qe2 Qb8 25.Nh2 Nc7 26.Bb3 Kg7 27.Nhf1 d5 28.exd5 Nxd5 29.Nxd5 Bxd5
30.Bxd5 Rxd5 31.Rad1 Red8 32.Ne3 R5d7 33.c4 Rd4 34.Nd5 Re8 35.b3 e4 36.Nxf6 Kxf6
37.dxe4 Rxd1 38.Rxd1 Kg7 39.Qd3 Qe5 40.cxb5 Qxe4 41.Qxe4 Rxe4 42.bxa6 Re6
43.Rc1 Rxa6 44.a4 Ra5 45.Kg2 Kf6 46.Kf3 Ke5 47.Ke3 Kd5 48.Kd3 Ra6 49.Re1 Rf6
50.f4 Rb6 51.Kc3 Rb7 52.Re3 Kd6 53.a5 Rb5 54.Rd3+ Kc6 55.Re3 Kd6 56.Rd3+ Kc6
57.Rd8 Rxa5 58.Kc4 Ra2  1/2-1/2

[Event "WY BU16 2012"]
[Site "Maribor SLO"]
[Date "2012.11.11"]
[Round "4.6"]
[White "Nasuta,G"]
[Black "Wagner,De"]
[Result "0-1"]
[WhiteElo "2256"]
[BlackElo "2456"]

1.e4 e5 2.Nf3 Nc6 3.Bb5 a6 4.Ba4 Nf6 5.O-O Be7 6.Re1 b5 7.Bb3 d6 8.c3 O-O
9.h3 Nb8 10.d4 Nbd7 11.Nbd2 Bb7 12.Bc2 Re8 13.Nf1 Bf8 14.Ng3 g6 15.a4 Bg7
16.Qd3 d5 17.exd5 exd4 18.Rxe8+ Qxe8 19.Nxd4 Nc5 20.Qf1 Nxa4 21.Bxa4 bxa4
22.Qd1 Nxd5 23.Qxa4 Qe1+ 24.Nf1 Nb6 25.Qc2 Re8 26.Qd2 Nc4 27.Qd3 c5 28.Qxc4 cxd4
29.Qa4 Re2  0-1

[Event "WY BU18 2012"]
[Site "Maribor SLO"]
[Date "2012.11.12"]
[Round "6.33"]
[White "Alarcon Careaga,Gustavo"]
[Black "Ben Artzi,I"]
[Result "0-1"]
[WhiteElo "2072"]
[BlackElo "2298"]

1.e4 e5 2.Nf3 Nc6 3.Bb5 a6 4.Ba4 Nf6 5.O-O Be7 6.Re1 b5 7.Bb3 d6 8.c3 O-O
9.h3 Nb8 10.d4 Nbd7 11.Nbd2 Bb7 12.Bc2 Re8 13.Nf1 Bf8 14.Ng3 g6 15.a4 c5
16.h4 Bg7 17.d5 c4 18.Nh2 h5 19.Be3 Nh7 20.Nf3 Bf6 21.Qe2 Qc7 22.Nf1 Nc5
23.N1d2 Reb8 24.Ng5 Bc8 25.Nxh7 Kxh7 26.g3 Bg4 27.f3 Bd7 28.a5 Rf8 29.Qf2 Bg7
30.Kh2 Rae8 31.Rg1 f5 32.Raf1 Nd3 33.Bb6 Qc8 34.Bxd3 cxd3 35.Qg2 Bh6 36.Re1 f4
37.g4 hxg4 38.fxg4 f3 39.Nxf3 Bxg4 40.Qxg4 Qxg4 41.Ng5+ Bxg5 42.Rxg4 d2 43.Rd1 Bf4+
44.Kg2 Rc8 45.Kf3 b4 46.c4 Rxc4 47.Be3 Rc2 48.Bxf4 Rxb2 49.Kg2 exf4 50.Kf3 Rb3+
51.Ke2 Re3+ 52.Kxd2 Rxe4 53.Kd3 Re3+ 54.Kd2 Rg3 55.Rg1 Rxg1 56.Rxg1 f3 57.Kc2 f2
58.Rf1 Kh6  0-1

[Event "WY GU16 2012"]
[Site "Maribor SLO"]
[Date "2012.11.14"]
[Round "7.14"]
[White "Regam,Jessica"]
[Black "Khademalsharieh,S"]
[Result "0-1"]
[WhiteElo "1969"]
[BlackElo "2303"]

1.e4 e5 2.Nf3 Nc6 3.Bb5 a6 4.Ba4 Nf6 5.O-O Be7 6.Re1 b5 7.Bb3 d6 8.c3 O-O
9.h3 Nb8 10.d4 Nbd7 11.Nbd2 Bb7 12.Bc2 Re8 13.Nf1 Bf8 14.Ng3 g6 15.Nh2 h5
16.Bg5 c5 17.dxe5 dxe5 18.Qe2 c4 19.Rad1 Qc7 20.Nf3 Nh7 21.Bc1 Nc5 22.Nf1 Nf6
23.N1d2 Rad8 24.Ng5 Qc6 25.Ndf3 Nfd7 26.b3 f6 27.bxc4 fxg5 28.Bxg5 Rc8 29.Rd2 Nb6
30.cxb5 axb5 31.Qd1 Nc4 32.Rde2 Ne6 33.Bh4 Nf4  0-1

[Event "WY GU16 2012"]
[Site "Maribor SLO"]
[Date "2012.11.15"]
[Round "8.36"]
[White "Le Besq,Emma"]
[Black "Vlckova,Katerina"]
[Result "1-0"]
[WhiteElo "1712"]
[BlackElo "1846"]

1.e4 e5 2.Nf3 Nc6 3.Bb5 a6 4.Ba4 Nf6 5.O-O Be7 6.Re1 b5 7.Bb3 O-O 8.h3 d6
9.c3 Nb8 10.d4 Nbd7 11.Nbd2 Bb7 12.Bc2 Re8 13.Nf1 Bf8 14.Ng3 g6 15.Nh2 Bg7
16.f4 c5 17.fxe5 dxe5 18.d5 Nb6 19.b3 Rc8 20.Ng4 Rc7 21.Bg5 Rd7 22.Qf3 Rd6
23.Rf1 Nbd7 24.c4 Qb6 25.Rf2 Rf8 26.Nh6+ Kh8 27.Raf1 a5 28.h4 Ba6 29.Bd3 a4
30.h5 axb3 31.axb3 bxc4 32.bxc4 Qb4 33.Ngf5 gxf5 34.Nxf5 Rxd5 35.exd5 e4
36.Bxe4 Ne5 37.Qf4 Qxc4 38.Nxg7 Qxe4 39.Qxf6 Ng4 40.Nf5+  1-0

[Event "WY GU16 2012"]
[Site "Maribor SLO"]
[Date "2012.11.16"]
[Round "9.22"]
[White "Regam,Jessica"]
[Black "Hiebler,L"]
[Result "1-0"]
[WhiteElo "1969"]
[BlackElo "1790"]

1.e4 e5 2.Nf3 Nc6 3.Bb5 a6 4.Ba4 Nf6 5.O-O Be7 6.Re1 b5 7.Bb3 d6 8.c3 O-O
9.h3 Nb8 10.d4 Nbd7 11.Nbd2 Bb7 12.Bc2 Re8 13.Nf1 Bf8 14.Ng3 g6 15.b3 Bg7
16.d5 Qb8 17.Be3 c6 18.c4 Qc7 19.Rc1 bxc4 20.bxc4 Bf8 21.Bb1 a5 22.Re2 Nb6
23.Rb2 Nfd7 24.Bd3 Ba6 25.Nh2 h5 26.Nf3 Reb8 27.Ng5 Bg7 28.Qf3 Nf6 29.Rcb1 Nbd7
30.Qe2 Rxb2 31.Rxb2 Rb8 32.Rxb8+ Nxb8 33.Qd2 Nfd7 34.c5 dxc5 35.Bxa6 Nxa6
36.dxc6 Qxc6 37.Qxa5 Qc8 38.Ne2 Bh6 39.Nc3 Nb4 40.Qa4 Qd8 41.Nxf7 Kxf7 42.Bxh6 Qe7
43.a3 Nd3 44.Qc4+  1-0

[Event "WY GU16 2012"]
[Site "Maribor SLO"]
[Date "2012.11.17"]
[Round "10.27"]
[White "Kostitsina,L"]
[Black "Grgic,N"]
[Result "1/2-1/2"]
[WhiteElo "2015"]
[BlackElo "1812"]

1.e4 e5 2.Nf3 Nc6 3.Bb5 a6 4.Ba4 Nf6 5.O-O Be7 6.Re1 b5 7.Bb3 d6 8.c3 O-O
9.h3 Nb8 10.d4 Nbd7 11.Nbd2 Re8 12.Nf1 Bf8 13.Ng3 g6 14.Bc2 Bb7 15.a4 c5
16.b3 Qc7 17.d5 Rec8 18.a5 b4 19.c4 Bg7 20.Ne2 Rf8 21.Ra2 Bc8 22.g4 h5 23.Nh2 Nb8
24.Ng3 Qd7 25.g5 Ne8 26.Nf5 Bh8 27.Re3 Ng7 28.Nh4 Kh7 29.Bd3 Qd8 30.Rg3 Ne8
31.Qf3 Ra7 32.Qg2 Nd7 33.Nf1 Rg8 34.Kh1 Nf8 35.Qf3 f6 36.Qe3 Bg7 37.gxf6 Qxf6
38.Nf3 Kh8 39.Ng5 Nh7 40.Qe2 Bh6 41.h4 Bg7 42.Nh2 Nxg5 43.hxg5 Qf8 44.Nf3 Rf7
45.Nh4 Kh7 46.Rg2 Bg4 47.Rxg4 hxg4 48.Qxg4 Rxf2 49.Rxf2 Qxf2 50.Ng2 Rf8 51.Be3 Qf3
52.Qh4+ Kg8 53.Qe1 Kf7 54.Kg1 Rh8 55.Be2 Qh3 56.Qf1+ Ke7 57.Bf3 Qh1+ 58.Kf2 Qxf1+
59.Kxf1 Bf8 60.Kg1 Kf7 61.Bg4 Ng7 62.Bf2 Be7 63.Be3 Bd8 64.Bc8 Bxa5 65.Bxa6 Ra8
66.Bb5 Bd8 67.Ba4 Nh5 68.Kf2 Be7 69.Kf3 Rf8 70.Kg4 Kg7 71.Bd7 Rf1 72.Be8 Rb1
73.Bxg6 Kxg6 74.Nh4+ Kf7 75.Kxh5 Rxb3 76.Nf5 Bf8 77.g6+ Kg8 78.Bg5 Rh3+ 79.Kg4 b3
80.Bc1 Rh2 81.g7 b2 82.gxf8=Q+ Kxf8 83.Bxb2 Rxb2 84.Nxd6 Ke7  1/2-1/2

[Event "VIII Governor's Cup B"]
[Site "Khanty-Mansiysk RUS"]
[Date "2012.11.20"]
[Round "5"]
[White "Gutenev,A"]
[Black "Postnikov,D"]
[Result "1-0"]
[WhiteElo "2341"]
[BlackElo "2156"]

1.e4 e5 2.Nf3 Nc6 3.Bb5 a6 4.Ba4 Nf6 5.O-O Be7 6.Re1 b5 7.Bb3 d6 8.c3 O-O
9.h3 Nb8 10.d4 Bb7 11.Nbd2 Nbd7 12.Bc2 Re8 13.a4 c5 14.d5 c4 15.b4 cxb3 16.Nxb3 Qc7
17.Bd3 Qxc3 18.Be3 bxa4 19.Rxa4 Qc7 20.Qa1 Nxd5 21.exd5 Bxd5 22.Rc1 Qd8 23.Nbd2 a5
24.Qb1 g6 25.Qb5 Be6 26.Be4 Rb8 27.Qxa5 Qxa5 28.Rxa5 Bd8 29.Ra7 f5 30.Bc6 Re7
31.Ng5 Nf8 32.Nxe6 Nxe6 33.Bd5 Kf7 34.Nc4 Kf6 35.Nxd6 e4 36.Rxe7 Bxe7 37.Nc8 f4
38.Rc6 fxe3 39.fxe3 Bc5 40.Rxe6+  1-0

[Event "48th American Open"]
[Site "Anaheim USA"]
[Date "2012.11.25"]
[Round "7"]
[White "Peters,Ja"]
[Black "Friedel,J"]
[Result "1/2-1/2"]
[WhiteElo "2355"]
[BlackElo "2494"]

1.e4 e5 2.Nf3 Nc6 3.Bb5 a6 4.Ba4 Nf6 5.O-O Be7 6.Re1 b5 7.Bb3 d6 8.c3 O-O
9.h3 Nb8 10.d4 Nbd7 11.Nbd2 Bb7 12.Bc2 Re8 13.Nf1 Bf8 14.Ng3 g6 15.a4 c5
16.d5 c4 17.Bg5 h6 18.Be3 Nc5 19.Qd2 h5 20.Ng5 Bh6 21.Nf1 Qe7 22.Ra3 Nfd7
23.Rea1 Nb6 24.axb5 axb5 25.Rxa8 Rxa8 26.Rxa8+ Bxa8 27.h4 Bb7 28.f4 exf4
29.Bxc5 dxc5 30.Qxf4 Kg7 31.d6 Qe8 32.e5 Nd7 33.e6 fxe6 34.Ng3 Bd5 35.Be4 Qf8
36.Bxd5 Qxf4 37.Nxe6+ Kf6 38.Nxf4 Bxf4 39.Ne2 Bxd6  1/2-1/2

[Event "62nd ch-GRE 2012"]
[Site "Athens GRE"]
[Date "2012.12.02"]
[Round "9"]
[White "Pavlidis,Ant"]
[Black "Galopoulos,N"]
[Result "1-0"]
[WhiteElo "2463"]
[BlackElo "2372"]

1.e4 e5 2.Nf3 Nc6 3.Bb5 a6 4.Ba4 Nf6 5.O-O Be7 6.Re1 b5 7.Bb3 d6 8.c3 O-O
9.h3 Nb8 10.d4 Nbd7 11.Nbd2 Bb7 12.Bc2 Re8 13.b3 Bf8 14.d5 c6 15.c4 cxd5
16.cxd5 Qa5 17.Nf1 Rec8 18.Ne3 g6 19.a4 Bh6 20.Nf5 Bf8 21.Nh6+ Kg7 22.Bd2 Qc7
23.Rc1 bxa4 24.b4 Ng8 25.Nxf7 Kxf7 26.Ng5+ Ke8 27.Qg4 Be7 28.Bxa4 Qd8 29.Qe6 Nh6
30.Nxh7  1-0

[Event "XXIV Carlos Torre Magistral 2012"]
[Site "Merida MEX"]
[Date "2012.12.15"]
[Round "3.5"]
[White "Della Morte,P"]
[Black "Gonzalez Garcia,J2"]
[Result "0-1"]
[WhiteElo "2305"]
[BlackElo "2497"]

1.e4 e5 2.Nf3 Nc6 3.Bb5 a6 4.Ba4 Nf6 5.O-O Be7 6.Re1 b5 7.Bb3 d6 8.c3 O-O
9.h3 Nb8 10.d4 Nbd7 11.Nbd2 Bb7 12.Bc2 Re8 13.b3 Bf8 14.d5 c6 15.c4 Nb6 16.a4 bxa4
17.bxa4 a5 18.Bd3 Ba6 19.Qe2 Qd7 20.Qe3 Rab8 21.Nh4 g6 22.Qf3 Bg7 23.dxc6 Qxc6
24.Nf1 Bxc4 25.Bxc4 Nxc4 26.Bg5 d5 27.exd5 Qxd5 28.Qg3 Nh5 29.Qg4 e4 30.Rad1 Qe6
31.Qxe6 Rxe6 32.g4 Nf6 33.Ng3 h6 34.Bxf6 Bxf6 35.Ng2 e3 36.fxe3 Rb4 37.Rf1 Rxa4
38.Rb1 Rb4 39.Rxb4 axb4 40.Rb1 Bc3 41.Nf4 Rxe3 42.Kf2 Bd4 43.Kg2 Bc5 44.Nf1 Rc3
45.Nd5 Rc2+ 46.Kf3 b3 47.Rxb3 Rc1 48.Nde3 Nxe3 49.Nxe3 Rh1 50.Ke4  0-1